|
|
|
|
| LEADER |
00000nab#a22000007a#4500 |
| 001 |
arbauad041993 |
| 003 |
AR-BaUAD |
| 005 |
20250711113257.0 |
| 008 |
991213|||||||||###||||||b###|0###a|spa|| |
| 040 |
|
|
|a AR-BaUAD
|c AR-BaUAD
|b spa
|
| 100 |
|
|
|a Schwok Bionda, Claire lise
|
| 245 |
|
|
|a Autour de Sofonisba Anguissola et de ses soeurs /
|c Claire lise Schwok Bionda;
|
| 300 |
0 |
|
|b fot. col.
|
| 500 |
|
|
|a Artista italiana 1532-1625.
|
| 653 |
|
|
|a ITALIA
|
| 653 |
|
|
|a CREMONA
|
| 653 |
|
|
|a EXPOSICIONES
|
| 653 |
|
|
|a PINTURAS
|
| 653 |
|
|
|a ANGUISSOLA, SOFONISBA
|
| 653 |
|
|
|a BIOGRAFIAS
|
| 653 |
|
|
|a HISTORIA
|
| 653 |
|
|
|a ARTE
|
| 773 |
0 |
|
|t L'OEIL
|g no. 467 [dic. 1994], p. 32-37
|
| 942 |
|
|
|c ARTI
|
| 952 |
|
|
|0 0
|1 0
|4 0
|7 0
|9 86912
|a AR-BAuAD
|b AR-BAuAD
|d 2025-07-11
|l 0
|p AAQA041993
|r 2025-07-11 11:32:57
|w 2025-07-11
|y ARTI
|
| 990 |
|
|
|a A199
|b TD
|
| 998 |
|
|
|a AAQ
|b BIBUN76
|
| 999 |
|
|
|c 66585
|d 66585
|